00723nam a2200229Ia 4500003000400000005001700004008004100021020002200062040000700084041000800091082001600099100003200115245002100147260005800168300001500226365001400241650003000255906002300285942001200308999001900320952015400339OSt20230606140408.0210423s2020 xx 000 0 und d a978-81-715-6669-3 cAL aeng a307.76 SHAU aSHARMA (Rajendra K)9120280 aUrbaan sociology aNew DelhibAtlantic Publishers and Distributorsc2020 avi,379bHB b1195cINR aUrban Communities9120281 asociology ; Urbaan 2ddccBK c176725d176725 001040708MSWaSACPGbSACPGd2021-03-13eBiblios Book Pointg1195.00l11m1o307.76 SHAUpPG023429r2024-01-27 00:00:00s2024-01-03w2021-04-26yBK